| 000 | 00631nam a2200253Ia 4500 | ||
|---|---|---|---|
| 005 | 20250425162344.0 | ||
| 008 | 250425s9999 xx 000 0 und d | ||
| 020 | _a9781587052729 | ||
| 041 | _aeng | ||
| 082 | _a004.6 | ||
| 100 | _aTEARE, DIANE | ||
| 245 | 0 | _aAUTHORIZED SELF-STUDY GUIDE: DESIGNING FOR CISCO INTERNETWORK SOLUTIONS (DESGN) | |
| 250 | _a2ND ED. | ||
| 260 |
_aEstados Unidos _bCISCO PRESSS _c2008 |
||
| 260 | _aINDIANAPOLIS | ||
| 300 | _a930 | ||
| 650 | _aCCNA | ||
| 650 | _aCISCO | ||
| 650 | _aREDES ETHERNET | ||
| 650 | _aREDES TCP/IP | ||
| 650 | _aRUTEADORES | ||
| 942 | _c01 | ||
| 010 | _a65236 | ||
| 999 |
_c227562 _d227562 |
||